| 000 | 00339nam a22001337a 4500 | ||
|---|---|---|---|
| 020 | _a0727822519 | ||
| 082 |
_a813.54 _bELL |
||
| 100 | _aEllis, Julie | ||
| 245 |
_aWhen The Summer People Have Gone / _cJulie Ellis |
||
| 260 |
_aNew York : _bSevern House, _c1998. |
||
| 300 |
_a186 p. ; _c22 cm. |
||
| 563 | _aHBK. | ||
| 942 |
_2ddc _cBK |
||
| 999 |
_c589489 _d589489 |
||